Loading...
| Current Events | 3 | 20.00 | 100% | 67% | 33% |
| Fine Arts - Classical Music | 6 | 18.33 | 100% | 67% | 17% |
| Fine Arts - Other | 5 | 18.00 | 100% | 40% | 40% |
| Fine Arts - Painting and Sculpture | 7 | 12.86 | 100% | 29% | 0% |
| Geography | 1 | 10.00 | 100% | 0% | 0% |
| History - American | 4 | 10.00 | 75% | 25% | 0% |
| History - European | 5 | 26.00 | 100% | 60% | 100% |
| History - Other | 7 | 21.43 | 100% | 100% | 14% |
| History - World | 8 | 20.00 | 100% | 63% | 38% |
| Literature - American | 9 | 14.44 | 100% | 33% | 11% |
| Literature - British | 7 | 15.71 | 100% | 57% | 0% |
| Literature - European | 6 | 13.33 | 100% | 33% | 0% |
| Literature - World | 6 | 20.00 | 100% | 83% | 17% |
| Mythology | 5 | 14.00 | 100% | 20% | 20% |
| Other Academic | 1 | 30.00 | 100% | 100% | 100% |
| Philosophy | 5 | 18.00 | 100% | 80% | 0% |
| Pop Culture | 3 | 16.67 | 67% | 33% | 67% |
| Religion | 4 | 15.00 | 100% | 25% | 25% |
| Science - Biology | 4 | 12.50 | 100% | 25% | 0% |
| Science - Chemistry | 5 | 16.00 | 100% | 60% | 0% |
| Science - Other | 8 | 20.00 | 100% | 63% | 38% |
| Science - Physics | 9 | 18.89 | 100% | 67% | 22% |
| Social Science | 8 | 12.50 | 88% | 25% | 13% |